000 00345nam a22001457a 4500
008 240318b ||||| |||| 00| 0 eng d
020 _a9780807004470
041 _aeng
080 _a61
082 _a61DAN
100 _a4
101 _aMJEKSI E PERGJITHSHME
245 _aIS INEQUALITY BAD FOR OUR HEALTH
_cNORMAN DANIELS
942 _2udc
_cBK
999 _c60621
_d60621